National Assembly Library of Thailand

สงครามกลางเมือง ฆ่ากันเองบนแผ่นดินเดียวกัน (ระเบียนเลขที่ 63197)

รายละเอียดในรูปแบบ MARC
000 -LEADER
fixed length control field 01754nam a22003137a 4500
005 - DATE AND TIME OF LATEST TRANSACTION
control field 20251125233102.0
008 - FIXED-LENGTH DATA ELEMENTS--GENERAL INFORMATION
fixed length control field s2553 th tha d
020 ## - INTERNATIONAL STANDARD BOOK NUMBER
International Standard Book Number 9786167071220
040 ## - CATALOGING SOURCE
Original cataloging agency NALT
041 ## - LANGUAGE CODE
Language code of text/sound track or separate title tha
050 ## - LIBRARY OF CONGRESS CALL NUMBER
Classification number D521 ว844ส 2553
100 0# - MAIN ENTRY--PERSONAL NAME
Personal name วีระชัย โชคมุกดา
245 10 - TITLE STATEMENT
Title สงครามกลางเมือง ฆ่ากันเองบนแผ่นดินเดียวกัน
246 ## - VARYING FORM OF TITLE
Title proper/short title สงครามกลางเมือง Civil wars ฆ่ากันเองบนแผ่นดินเดียวกัน
260 3# - PUBLICATION, DISTRIBUTION, ETC.
Place of publication, distribution, etc. กรุงเทพฯ :
Name of publisher, distributor, etc. ยิปซี,
Date of publication, distribution, etc. 2553
300 ## - PHYSICAL DESCRIPTION
Extent 192 หน้า :
Other physical details ภาพประกอบ ;
Dimensions 21 ซม.
650 04 - SUBJECT ADDED ENTRY--TOPICAL TERM
Topical term or geographic name entry element สงครามโคโซโว, ค.ศ. 1996--1999
650 04 - SUBJECT ADDED ENTRY--TOPICAL TERM
Topical term or geographic name entry element สงครามกลางเมือง -- ซูดาน -- ประวัติศาสตร์
650 04 - SUBJECT ADDED ENTRY--TOPICAL TERM
Topical term or geographic name entry element สงครามกลางเมือง -- สหรัฐอเมริกา -- ประวัติศาสตร์
650 04 - SUBJECT ADDED ENTRY--TOPICAL TERM
Topical term or geographic name entry element การฆ่าล้างเผ่าพันธุ์ -- รวันดา
650 04 - SUBJECT ADDED ENTRY--TOPICAL TERM
Topical term or geographic name entry element สงครามบอสเนีย--เฮอร์เซโกวีนา, ค.ศ. 1996--1999
650 04 - SUBJECT ADDED ENTRY--TOPICAL TERM
Topical term or geographic name entry element การฆ่าล้างเผ่าพันธุ์ -- กัมพูชา
650 04 - SUBJECT ADDED ENTRY--TOPICAL TERM
Topical term or geographic name entry element สงครามเวียดนาม, ค.ศ. 1961--1975
650 04 - SUBJECT ADDED ENTRY--TOPICAL TERM
Topical term or geographic name entry element สงครามเกาหลี, ค.ศ. 1950--1953
850 ## - HOLDING INSTITUTION
Holding institution NALT
856 40 - ELECTRONIC LOCATION AND ACCESS
Uniform Resource Identifier <a href="https://hdl.handle.net/20.500.14156/333841">https://hdl.handle.net/20.500.14156/333841</a>
-- 1
942 ## - ADDED ENTRY ELEMENTS (KOHA)
Koha item type General Book
Koha issues (borrowed), all copies 1
Source of classification or shelving scheme Library of Congress Classification
รายการที่มีในห้องสมุด
Withdrawn status Lost status Damaged status Not for loan Collection code Home library Current library Source of acquisition Cost, normal purchase price Total Checkouts Full call number Barcode Date last seen Copy number Cost, replacement price Price effective from Koha item type Total Renewals Date last checked out
        General Book collection National Assembly Library of Thailand National Assembly Library of Thailand จัดซื้อทรัพยากร 150.00   D 521 ว844ส 2553 3961186200 09/06/2017 ฉ. 2 200.00 09/06/2017 General Book    
        General Book collection National Assembly Library of Thailand National Assembly Library of Thailand จัดซื้อทรัพยากร 150.00 1 D 521 ว844ส 2553 3961186199 27/11/2017 ฉ. 1 200.00 09/06/2017 General Book 1 13/11/2017
หอสมุดรัฐสภา
สำนักงานเลขาธิการสภาผู้แทนราษฎร เลขที่ 1111 ถนนสามเสน แขวงถนนนครไชยศรี เขตดุสิต กรุงเทพฯ 10300
The Secretariat of the House of Representatives 1111 Samsen Road, Thanon Nakhon Chai Si, Dusit, Bangkok 10300, THAILAND
โทรศัพท์: +66(0) 2242 5900 ต่อ 5714-5 โทรสาร: +66(0) 2242 5990 อีเมล: [email protected]